Paul's secret of power. (Record no. 9147)

000 -LEADER
fixed length control field 00481nam a2200169 a 4500
001 - CONTROL NUMBER
control field :::00006930$&:&@@
003 - CONTROL NUMBER IDENTIFIER
control field OkBaRHE
005 - DATE AND TIME OF LATEST TRANSACTION
control field 20001030184731.0
008 - FIXED-LENGTH DATA ELEMENTS--GENERAL INFORMATION
fixed length control field s1935 j 000 0 eng u
040 ## - CATALOGING SOURCE
Transcribing agency
100 1# - MAIN ENTRY--PERSONAL NAME
Personal name Walker, Rollin H.
245 10 - TITLE STATEMENT
Title Paul's secret of power.
260 ## - PUBLICATION, DISTRIBUTION, ETC. (IMPRINT)
Place of publication, distribution, etc New York
Name of publisher, distributor, etc The Abingdon Press
Date of publication, distribution, etc 1935
300 ## - PHYSICAL DESCRIPTION
Extent 181 p.
942 ## - ADDED ENTRY ELEMENTS (KOHA)
Source of classification or shelving scheme
Koha item type Books
Copies
Withdrawn status Koha item type Total Checkouts Damaged status Source of classification or shelving scheme Copy number Shelving location Price effective from Permanent Location Date checked out Date last seen Barcode Current Location Lost status Not for loan Full call number Date acquired
 Books1  1General Stacks2010-04-14RHEMA Bible Training College2016-01-052018-03-166930RHEMA Bible Training College  BS 2505 .W232010-04-14